Statistics for Brand Names that are Synonymous with the Product

Click here to take the quiz!

General Stats

  • This quiz has been taken 204 times
    (199 since last reset)
  • The average score is 10 of 20

Answer Stats

HintAnswer% Correct
TissueKleenex
91%
Adhesive BandageBand-Aid
80%
Flavored GelatinJell-O
76%
Soft DrinkCoke
74%
Moving StaircaseEscalator
72%
Cotton SwabQ-Tips
71%
Flying DiskFrisbee
67%
Petroleum JellyVaseline
64%
CopierXerox
64%
Lip BalmChap Stick
63%
Breakfast Toaster PastryPop Tarts
63%
Artificial GrassAstro Turf
51%
Inline SkatesRollerblades
49%
Ice PopPopsicle
47%
Electroshock WeaponTaser
44%
Insulated Beverage ContainerThermos
30%
Acetylsalicylic AcidAspirin
16%
Scouring CleanserComet
12%
DiacetylmorphineHeroin
4%
Rebound TumblerTrampoline
2%

Score Distribution

Percentile by Number Answered

Percent of People with Each Score

Your Score History

You have not taken this quiz since the last reset